000 01405cam a22003734i 4500
003 PE-LiUPU
005 20250731184057.0
008 150623s1996 miu r 000 0 eng d
020 _a1883053234
035 _a(Sirsi) i9781883053239
040 _aPE-LiUPU
_bspa
_cPE-LiUPU
_erda
049 _aPRUA
082 0 4 _a892.1
_bF77
_221
100 1 _aFoster, Benjamin R.,
_eautor.
245 1 0 _aBefore the muses :
_ban anthology of akkadian literature /
_cBenjamin R. Foster.
264 1 _aBethesda, Maryland :
_bCDL Pres,
_c1996.
300 _a485 páginas ;
_c24 centímetros
336 _atext
_2rdacontent
337 _aunmediated
_2rdamedia
338 _avolume
_2rdacarrier
505 0 _aIn search of akkadian literature -- The archaic period -- The classical period -- The mature period.
526 _aP145
526 _aP127
526 _aP97
526 _aP14
526 _aP07
650 0 4 _aLiteratura Asirio-babilónica
_xTraducciones en Inglés.
942 _2ddc
_cBOOK
949 _a892.1 F77
_wDEWEY
_c1
_i44454
_lCCODEBUL1
_mBUL
_r0
_sY
_tBOOK
_u2015-6-24
_xTEOLOGIA
_PP35
_0COMPRA
_o.STAFF. Colección Teología
994 _aC0
_bPEPRU
596 _a1
999 _a892.1 F77
_wDEWEY
_c21330
_i44453
_f2021-11-11
_g5
_lCCODEBUL1
_mBUL
_p30.00
_r0
_sY
_tBOOK
_u2015-6-24
_xTEOLOGIA
_PP35
_0COMPRA
_o.STAFF. Colección Teología
_d21330
980 _81
_gALBERTO SANCHEZ Responsable de Automatización